000 00666nam a2200241Ia 4500
003 OSt
005 20220918182222.0
006 a|||||r|||| 00| 0
007 ta
008 220917b |||||||| |||| 00| 0 eng d
024 _a31,329
037 _cTextual
040 _aARTS
_cARTS
_beng
041 _2eng
_aeng
082 _aO111,6M39,1:g, N1
100 _aPater Walter
_912364
245 0 _aEssays on style with critical comm by Surbhi Banerjee
260 _aCalcutta
_bPapyrus India
_c1991
300 _a104p.
_ccm.
650 _aENGLISH LITERATURE
942 _hO111,6M39,1:g, N1
_cTEXL
_2CC
999 _c168233
_d168233